Statistiken für Provinzen Spaniens

Klicken Sie hier um das Quiz zu spielen!

Allgemein

  • Dieses Quiz wurde 24 mal gespielt
  • Das Durchschnittsergebnis liegt bei 20 aus 52

Antwortstatistiken

Autonome GemeinschaftProvinzen% Korrekt
KatalonienBarcelona
94%
MadridMadrid
94%
Sevilla
89%
Málaga
83%
MurciaMurcia
83%
Valencia
83%
CeutaCeuta
78%
MelillaMelilla
72%
León
67%
NavarraNavarra
67%
Granada
61%
KanarenLas Palmas
61%
Saragossa
61%
AsturienAsturien
50%
Cádiz
50%
Córdoba
50%
La RiojaLa Rioja
50%
KantabrienKantabrien
44%
GalizienA Coruna
39%
ValenciaAlicante
39%
Balearische InselnBalearische Inseln
39%
Burgos
39%
Girona
39%
Salamanca
39%
AndalusienAlmería
33%
AragonienHuesca
33%
ExtremaduraBadajoz
28%
Huelva
28%
Jaén
28%
Tarragona
28%
Toledo
28%
Castilla-La ManchaAlbacete
22%
Lleida
22%
Lugo
22%
Pontevedra
22%
Teruel
22%
Valladolid
22%
Castilla y LeónÁvila
17%
Cáceres
17%
Ciudad Real
17%
Cuenca
17%
Ourense
17%
Segovia
17%
Castellón
11%
Soria
11%
Zamora
11%
BaskenlandAraba
6%
Bizkaia
6%
Gipuzkoa
6%
Guadalajara
6%
Palencia
6%
Santa Cruz de Teneriffa
0%

Verteilung der Resultate

Perzentil nach korrekt beantworteten Fragen

Anzahl Personen mit jedem Resultat

Ihre Resultats-Entwicklung

Sie haben dieses Quiz noch nicht gespielt